name a harry styles song for every letter - Statistics

General Stats
  • This quiz has been taken 34 times
  • The average score is 14 of 26
Answer Stats
Hint Answer % Correct
Q N/A
97%
V N/A
97%
X N/A
97%
Z N/A
97%
A A Modern Life/A.M./Act My Age/Adore You/Alfie's Song (Not So Typical Love Song)/Alive/All You Need Is Love/Already Home/Anne/Another World/As It Was
91%
C C'mon, C'mon/California/Can't Get Enough/Can't Stop Moving/Carolina/Change My Mind/Change Your Ticket/Chasing Cars/Cherry/Clouds/Coco/Complicated Freak
88%
F fall apart/falling/fine line/fireproof/fools gold/forever young/forgot you/from the dining table/fun for now
84%
G girl almighty/golden/grapejuice/guess I'm alright
81%
B Baby Honey/Back For You/Best Song Ever/Better Than Words/Big Yellow Taxi/Boyfriends/By Your Side
72%
D Daylight/Diana/Does He Know?/Dont Forget Where You Belong/Dont Let Me Go/Drag Me Down
72%
E End of the day/endlessly/ever since New York/everything about you
66%
L late night talking/lately/like everybody else/like you do/little freak/love of my life
59%
S satellite/she/sign of the times/something ive been waiting for
59%
K kiss it better/kiss me/kiwi
56%
M make my day/matthew/medicine/meet me in the hallway/melody/music for a sushi restaurant
50%
W watermelon sugar/wawa/without you/woman
47%
T talk/too much sauce/treat people with kindness/trouble/try honey/two ghosts
38%
N never enough/night changes/No control/na na na/nobody compares
34%
O oh Anna/one and only/only angel
31%
Y your song/you & I/you are so beautiful/you're so american
25%
R ready to run/Rock me/right now
19%
H have the world/heart attack/heroes/high tides/him
16%
U unknown/up all night/ultralight beam
13%
J Jesus christ happy new year
3%
I I don't want to be the one you're waiting on/I just wanna be your man/I just wanna love you/I'm not happy/if you want to love/Isabella/isn't she lovely
0%
P pick you up/Pop tart
0%
No matching quizzes found
Score Distribution
Percent of People with Each Score
Percentile by Number Answered
Your Score History
You have not taken this quiz